<?xml version="1.0" encoding="UTF-8"?>
<record
    xmlns:xsi="http://www.w3.org/2001/XMLSchema-instance"
    xsi:schemaLocation="http://www.loc.gov/MARC21/slim http://www.loc.gov/standards/marcxml/schema/MARC21slim.xsd"
    xmlns="http://www.loc.gov/MARC21/slim">

  <leader>01656nam a2200373 a 4500</leader>
  <controlfield tag="005">20240412113743.0</controlfield>
  <controlfield tag="008">101001t1989||||ag a   f |||| 001 0 spa d</controlfield>
  <datafield tag="020" ind1=" " ind2=" ">
    <subfield code="a">9509020192</subfield>
  </datafield>
  <datafield tag="041" ind1=" " ind2=" ">
    <subfield code="a">spa</subfield>
  </datafield>
  <datafield tag="092" ind1=" " ind2=" ">
    <subfield code="c">616.1</subfield>
    <subfield code="l">10</subfield>
    <subfield code="s">CAB</subfield>
  </datafield>
  <datafield tag="100" ind1="1" ind2=" ">
    <subfield code="a">Cabrera Fischer, Edmundo I.</subfield>
    <subfield code="9">3003</subfield>
  </datafield>
  <datafield tag="245" ind1=" " ind2=" ">
    <subfield code="a">Insuficiencia cardiaca severa.</subfield>
    <subfield code="b">Interpretaci&#xF3;n y tratamiento. Fundaci&#xF3;n Favaloro / </subfield>
    <subfield code="c">Edmundo I. Cabrera Fischer.</subfield>
  </datafield>
  <datafield tag="250" ind1=" " ind2=" ">
    <subfield code="a">1a ed.</subfield>
  </datafield>
  <datafield tag="260" ind1=" " ind2=" ">
    <subfield code="a">Buenos Aires: </subfield>
    <subfield code="b">Akadia;</subfield>
    <subfield code="c">1989.</subfield>
  </datafield>
  <datafield tag="300" ind1=" " ind2=" ">
    <subfield code="a">240 p.</subfield>
    <subfield code="b">il.</subfield>
  </datafield>
  <datafield tag="500" ind1=" " ind2=" ">
    <subfield code="a">Cabrera Fischer, E. I. et al. (1989). Insuficiencia card&#xED;aca severa. Interpretaci&#xF3;n y tratamiento. Fundaci&#xF3;n Favaloro. (1a ed.). Buenos Aires : Akadia.</subfield>
  </datafield>
  <datafield tag="653" ind1=" " ind2=" ">
    <subfield code="a">Bases fisiol&#xF3;gicas de la insuficiencia card&#xED;aca</subfield>
  </datafield>
  <datafield tag="653" ind1=" " ind2=" ">
    <subfield code="a">Nuevas drogas inotr&#xF3;picas</subfield>
  </datafield>
  <datafield tag="653" ind1=" " ind2=" ">
    <subfield code="a">Circulaci&#xF3;n extracorp&#xF3;rea</subfield>
  </datafield>
  <datafield tag="653" ind1=" " ind2=" ">
    <subfield code="a">Bal&#xF3;n de contrapulsi&#xF3;n intraa&#xF3;rtica</subfield>
  </datafield>
  <datafield tag="653" ind1=" " ind2=" ">
    <subfield code="a">Sistemas de asistencia mec&#xE1;nica circulatoria 1: bomba a rodillo y centr&#xED;fuga</subfield>
  </datafield>
  <datafield tag="653" ind1=" " ind2=" ">
    <subfield code="a">Sistemas de asistencia mec&#xE1;nica circulatoria 2: ventr&#xED;culos artificiales</subfield>
  </datafield>
  <datafield tag="653" ind1=" " ind2=" ">
    <subfield code="a">Sistema COMDU para la mediaci&#xF3;n del volumen minuto del coraz&#xF3;n artificial</subfield>
  </datafield>
  <datafield tag="653" ind1=" " ind2=" ">
    <subfield code="a">Asistencia mec&#xE1;nica ventricular izquierda</subfield>
  </datafield>
  <datafield tag="653" ind1=" " ind2=" ">
    <subfield code="a">Tromboembolismo pulmonar</subfield>
  </datafield>
  <datafield tag="653" ind1=" " ind2=" ">
    <subfield code="a">Asistencia mec&#xE1;nica ventricular derecha</subfield>
  </datafield>
  <datafield tag="653" ind1=" " ind2=" ">
    <subfield code="a">Cardiomioplastia</subfield>
  </datafield>
  <datafield tag="653" ind1=" " ind2=" ">
    <subfield code="a">Experiencia local en cardiomioplastia para el tratamiento de la insuficiencia card&#xED;aca</subfield>
  </datafield>
  <datafield tag="653" ind1=" " ind2=" ">
    <subfield code="a">Transplante card&#xED;aco</subfield>
  </datafield>
  <datafield tag="700" ind1="1" ind2=" ">
    <subfield code="a">Chachques, Juan Carlos</subfield>
    <subfield code="e">Autor</subfield>
    <subfield code="9">3004</subfield>
  </datafield>
  <datafield tag="700" ind1="1" ind2=" ">
    <subfield code="a">Pichel, Ricardo Horacio</subfield>
    <subfield code="e">Autor</subfield>
    <subfield code="9">3005</subfield>
  </datafield>
  <datafield tag="700" ind1="1" ind2=" ">
    <subfield code="a">Favaloro, Rene G.</subfield>
    <subfield code="e">Col.</subfield>
    <subfield code="9">2612</subfield>
  </datafield>
  <datafield tag="942" ind1=" " ind2=" ">
    <subfield code="2">ddc</subfield>
    <subfield code="c">BK</subfield>
  </datafield>
  <datafield tag="999" ind1=" " ind2=" ">
    <subfield code="c">2216</subfield>
    <subfield code="d">2216</subfield>
  </datafield>
  <datafield tag="952" ind1=" " ind2=" ">
    <subfield code="0">0</subfield>
    <subfield code="1">0</subfield>
    <subfield code="2">ddc</subfield>
    <subfield code="4">0</subfield>
    <subfield code="7">0</subfield>
    <subfield code="a">BFM</subfield>
    <subfield code="b">BFM</subfield>
    <subfield code="c">CR</subfield>
    <subfield code="d">2015-09-22</subfield>
    <subfield code="e">Donaci&#xF3;n Jaime Novodvoretz, Septiembre 2015</subfield>
    <subfield code="l">0</subfield>
    <subfield code="o">616.1 10 CAB</subfield>
    <subfield code="p">3549</subfield>
    <subfield code="r">2015-09-22</subfield>
    <subfield code="t">Ej.1</subfield>
    <subfield code="w">2015-09-22</subfield>
    <subfield code="y">BK</subfield>
    <subfield code="z">Donaci&#xF3;n Jaime Novodvoretz, Septiembre 2015</subfield>
  </datafield>
</record>
